[Event "Chervonograd 9th"]
[Site "Chervonograd"]
[Date "2013.11.18"]
[Round "13"]
[White "Berlin, Dmitriy"]
[Black "Anwesh, Upadhyaya"]
[Result "1/2-1/2"]
[WhiteElo "2113"]
[BlackElo "2348"]
[PlyCount "55"]
[EventDate "2013.11.11"]
[EventType "tourn"]
[EventRounds "13"]
[EventCountry "UKR"]
[EventCategory "1"]
[SourceTitle "CBM 157 Extra"]
[Source "ChessBase"]
[SourceDate "2013.12.19"]
[SourceVersion "1"]
[SourceVersionDate "2013.12.19"]
[SourceQuality "1"]

1. d4 d5 2. c4 c6 3. Nf3 Nf6 4. Nc3 e6 5. Bg5 h6 6. Bxf6 Qxf6 7. e3 Nd7 8. Qc2 g6 9. cxd5 exd5 10. Bd3 Bg7 11. 0-0 0-0 12. b4 a6 13. Rab1 Qd6 14. Rfc1 Re8 15. Ne2 Nf8 16. h3 Ne6 17. a4 Bd7 18. h4 h5 19. g3 Rac8 20. Qb3 Bf6 21. Kg2 Ng7 22. Nf4 Nf5 23. b5 axb5 24. axb5 Qe7 25. bxc6 bxc6 26. Qb4 Qd8 27. Qb6 Qe7 28. Qb4 1/2-1/2

[Event "Chervonograd 9th"]
[Site "Chervonograd"]
[Date "2013.11.15"]
[Round "8"]
[White "Petrova, Irina"]
[Black "Berlin, Dmitriy"]
[Result "1-0"]
[WhiteElo "2119"]
[BlackElo "2113"]
[PlyCount "91"]
[EventDate "2013.11.11"]
[EventType "tourn"]
[EventRounds "13"]
[EventCountry "UKR"]
[EventCategory "1"]
[SourceTitle "CBM 157 Extra"]
[Source "ChessBase"]
[SourceDate "2013.12.19"]
[SourceVersion "1"]
[SourceVersionDate "2013.12.19"]
[SourceQuality "1"]

1. d4 Nf6 2. c4 g6 3. Nc3 Bg7 4. e4 d6 5. Nf3 0-0 6. Be2 e5 7. d5 a5 8. Bg5 h6 9. Bh4 Na6 10. 0-0 Qe8 11. Nd2 Nh7 12. f3 f5 13. a3 Bd7 14. b3 h5 15. Rb1 g5 16. Bf2 f4 17. b4 Qg6 18. c5 axb4 19. axb4 g4 20. c6 bxc6 21. dxc6 g3 22. cxd7 gxf2+ 23. Rxf2 Ng5 24. Kh1 Ne6 25. Bc4 Kh7 26. Nd5 Qf7 27. b5 Nac5 28. Nxc7 Qxd7 29. Nxa8 Rxa8 30. Nb3 Nxb3 31. Bxb3 Nd4 32. Bd5 Rb8 33. b6 h4 34. h3 Bf6 35. b7 Bd8 36. Ra2 Bc7 37. Ra8 Kh6 38. Rxb8 Bxb8 39. Rc1 Qb5 40. Qe1 Ne2 41. Qxh4+ Kg6 42. Qg4+ Kh6 43. Qe6+ Kh5 44. Qf5+ Kh6 45. Qf6+ Kh7 46. Bg8+ 1-0

[Event "Mukachevo"]
[Site "Mukachevo"]
[Date "2013.05.04"]
[Round "6"]
[White "Kristofori, Attila"]
[Black "Berlin, Dmitriy"]
[Result "1/2-1/2"]
[WhiteElo "2003"]
[BlackElo "2085"]
[PlyCount "70"]
[EventDate "2013.05.01"]
[EventType "tourn"]
[EventRounds "9"]
[EventCountry "UKR"]
[SourceTitle "CBM 154 Extra"]
[Source "ChessBase"]
[SourceDate "2013.06.25"]
[SourceVersion "2"]
[SourceVersionDate "2013.06.25"]
[SourceQuality "1"]

1. d4 d6 2. e4 Nf6 3. Nc3 e5 4. Nf3 Nbd7 5. Bc4 Be7 6. 0-0 0-0 7. Bb3 exd4 8. Nxd4 Nc5 9. Qf3 a5 10. Bc4 c6 11. Re1 Qc7 12. a4 Be6 13. Bf1 Rfe8 14. Bf4 Qb6 15. b3 Rad8 16. h3 Bc8 17. Rad1 Bf8 18. Bg5 Ncd7 19. Qg3 Kh8 20. Nf5 Ne5 21. Ne3 Be7 22. Nc4 Qc7 23. Bc1 Ng6 24. Ba3 Ne5 25. Bb2 Nh5 26. Qe3 h6 27. Nxe5 dxe5 28. Bc4 Bg5 29. Qf3 Nf4 30. Ne2 Be6 31. Nxf4 Bxc4 32. Nd3 Bxd3 33. Rxd3 Rxd3 34. Qxd3 Rd8 35. Qf3 Bf6 1/2-1/2

[Event "Mukachevo"]
[Site "Mukachevo"]
[Date "2013.05.02"]
[Round "3"]
[White "Berlin, Dmitriy"]
[Black "Volovikov, Anton"]
[Result "0-1"]
[WhiteElo "2085"]
[BlackElo "2334"]
[PlyCount "70"]
[EventDate "2013.05.01"]
[EventType "tourn"]
[EventRounds "9"]
[EventCountry "UKR"]
[SourceTitle "CBM 154 Extra"]
[Source "ChessBase"]
[SourceDate "2013.06.25"]
[SourceVersion "2"]
[SourceVersionDate "2013.06.25"]
[SourceQuality "1"]

1. d4 d5 2. c4 Bf5 3. cxd5 Bxb1 4. Qa4+ c6 5. dxc6 Nxc6 6. Rxb1 e5 7. Bd2 exd4 8. g3 Nf6 9. Bg2 Rc8 10. Nh3 Bc5 11. Nf4 0-0 12. 0-0 Bb6 13. Rbc1 Re8 14. Qb5 Ne4 15. Bxe4 Rxe4 16. Rfe1 h6 17. a4 Re5 18. Qd3 Qe7 19. b4 Re8 20. a5 Bd8 21. b5 Nxa5 22. Ra1 b6 23. Bxa5 bxa5 24. Qxd4 Rxb5 25. Qd3 Qe5 26. e4 Rb4 27. f3 Bb6+ 28. Kh1 Rb2 29. Rab1 Rf2 30. Qb3 a4 31. Qa3 Rc8 32. Rbc1 Rxc1 33. Rxc1 Qd4 34. Nd5 Qd2 35. Qf8+ Kh7 0-1

[Event "Mukachevo"]
[Site "Mukachevo"]
[Date "2013.05.02"]
[Round "2"]
[White "Malyi, Viacheslav"]
[Black "Berlin, Dmitriy"]
[Result "1-0"]
[WhiteElo "2316"]
[BlackElo "2085"]
[PlyCount "73"]
[EventDate "2013.05.01"]
[EventType "tourn"]
[EventRounds "9"]
[EventCountry "UKR"]
[SourceTitle "CBM 154 Extra"]
[Source "ChessBase"]
[SourceDate "2013.06.25"]
[SourceVersion "2"]
[SourceVersionDate "2013.06.25"]
[SourceQuality "1"]

1. e4 d6 2. d4 Nf6 3. Nc3 g6 4. f3 c6 5. a4 Bg7 6. Be3 0-0 7. Qd2 a5 8. Bh6 e5 9. Bxg7 Kxg7 10. 0-0-0 Qe7 11. Bc4 Nbd7 12. d5 Nb6 13. Bb3 cxd5 14. Bxd5 Nbxd5 15. Nxd5 Nxd5 16. Qxd5 Ra6 17. Qd2 Bd7 18. b3 b5 19. axb5 Bxb5 20. Ne2 a4 21. b4 d5 22. exd5 a3 23. d6 Qd7 24. Nc3 a2 25. Kb2 a1Q+ 26. Rxa1 Rxd6 27. Qe3 Re8 28. Qc5 Bc6 29. Rhd1 Rxd1 30. Rxd1 Qb7 31. Rd6 Bd7 32. Ne4 Bf5 33. Rb6 Qd7 34. Nd6 Re6 35. g4 Bxg4 36. fxg4 e4 37. Qd4+ 1-0

[Event "Horodok 800 Years"]
[Site "Horodok"]
[Date "2013.02.15"]
[Round "7"]
[White "Zajarnyi, Anatolyi"]
[Black "Berlin, Dmitriy"]
[Result "1-0"]
[WhiteElo "2305"]
[BlackElo "2065"]
[PlyCount "133"]
[EventDate "2013.02.11"]
[EventType "tourn"]
[EventRounds "9"]
[EventCountry "UKR"]
[EventCategory "1"]
[SourceTitle "EXT 2014"]
[Source "ChessBase"]
[SourceDate "2013.11.20"]
[SourceVersion "1"]
[SourceVersionDate "2013.11.20"]
[SourceQuality "1"]

1. e4 d6 2. d4 Nf6 3. f3 e5 4. dxe5 dxe5 5. Qxd8+ Kxd8 6. Bc4 Ke8 7. Be3 Bd6 8. Nd2 Ke7 9. Ne2 Re8 10. c3 Kf8 11. Nc1 Nbd7 12. Nd3 c6 13. a4 a5 14. Ke2 Bc7 15. b4 axb4 16. cxb4 Nb6 17. Bb3 Nbd7 18. a5 Kg8 19. Nc4 g6 20. Nb6 Nxb6 21. axb6 Rxa1 22. Rxa1 Bd6 23. Bc5 Bxc5 24. bxc5 Nd7 25. Kd2 Kf8 26. Kc3 Ke7 27. Ra7 f5 28. Ba4 fxe4 29. fxe4 Ke6 30. Bxc6 bxc6 31. b7 Bxb7 32. Rxb7 Ra8 33. Rc7 Ra3+ 34. Kc4 Nb8 35. Rc8 Ra8 36. Nb4 Kd7 37. Rh8 h5 38. Rg8 Kc7 39. Rg7+ Kc8 40. Rxg6 Kc7 41. Rg7+ Kc8 42. Rh7 Ra1 43. Rxh5 Rc1+ 44. Kb3 Rxc5 45. Nd3 Rb5+ 46. Kc3 Nd7 47. Rf5 Kd8 48. h4 Ke7 49. g4 Ke6 50. Rh5 Nf6 51. Rh6 Kf7 52. Nf2 Rc5+ 53. Kd3 Ne8 54. g5 Ng7 55. Ng4 Ne6 56. Rf6+ Ke7 57. Ne3 Nf4+ 58. Kd2 Ra5 59. Rxc6 Ra4 60. Nc4 Ra2+ 61. Kc3 Rh2 62. Rh6 Rh3+ 63. Kb4 Nd3+ 64. Kb5 Rh1 65. Ne3 Re1 66. Nf5+ Kf8 67. g6 1-0

[Event "Horodok 800 Years"]
[Site "Horodok"]
[Date "2013.02.12"]
[Round "3"]
[White "Berlin, Dmitriy"]
[Black "Sevostianov, Pavel"]
[Result "1/2-1/2"]
[WhiteElo "2065"]
[BlackElo "2305"]
[PlyCount "36"]
[EventDate "2013.02.11"]
[EventType "tourn"]
[EventRounds "9"]
[EventCountry "UKR"]
[EventCategory "1"]
[SourceTitle "EXT 2014"]
[Source "ChessBase"]
[SourceDate "2013.11.20"]
[SourceVersion "1"]
[SourceVersionDate "2013.11.20"]
[SourceQuality "1"]

1. d4 Nf6 2. c4 g6 3. Nc3 Bg7 4. e4 d6 5. Nf3 0-0 6. Be2 e5 7. 0-0 Nc6 8. d5 Ne7 9. Ne1 c5 10. Nd3 Ne8 11. a3 f5 12. f3 Kh8 13. b4 b6 14. Rb1 Ng8 15. Be3 Bh6 16. Bxh6 Nxh6 17. bxc5 bxc5 18. Qd2 Ng8 1/2-1/2

[Event "Lvov Euro op 1st"]
[Site "Lvov"]
[Date "2012.05.30"]
[Round "3"]
[White "Berlin, Dmitriy"]
[Black "Omelja, Artem"]
[Result "0-1"]
[WhiteElo "1966"]
[BlackElo "2304"]
[PlyCount "124"]
[EventDate "2012.05.28"]
[EventType "swiss"]
[EventRounds "9"]
[EventCountry "UKR"]
[SourceTitle "CBM 148 Extra"]
[Source "ChessBase"]
[SourceDate "2012.06.22"]
[SourceVersion "1"]
[SourceVersionDate "2012.06.22"]
[SourceQuality "1"]

1. d4 f5 2. c4 Nf6 3. Nc3 d6 4. Nf3 g6 5. g3 Bg7 6. Bg2 0-0 7. 0-0 Nc6 8. d5 Na5 9. b3 Ne4 10. Nxe4 Bxa1 11. Neg5 Bf6 12. Nd4 e5 13. Nde6 Qe7 14. Nxf8 Bxg5 15. Bxg5 Qxg5 16. Ne6 Bxe6 17. dxe6 Nc6 18. Qd5 Qe7 19. e4 f4 20. gxf4 exf4 21. Bh3 Kg7 22. f3 Rb8 23. Rd1 Ne5 24. Rf1 b6 25. Kh1 a5 26. a3 Qh4 27. Kg2 h5 28. Qd4 Qf6 29. Qd5 Qg5+ 30. Kh1 Qh4 31. Bg2 Re8 32. b4 axb4 33. axb4 Kf6 34. c5 bxc5 35. bxc5 Rxe6 36. cxd6 cxd6 37. Qa8 Nf7 38. Qa1+ Re5 39. Qb2 Kg7 40. Rd1 Qf6 41. Qf2 Ra5 42. Bf1 Ra1 43. Rxa1 Qxa1 44. Kg2 Qc3 45. Qh4 Qb2+ 46. Kg1 Qf6 47. Qf2 Ne5 48. Be2 g5 49. Qa7+ Kh6 50. Qb6 g4 51. Qb3 Qg6 52. Kf2 Kg5 53. Qc3 Kh4 54. Kf1 Qe6 55. Qe1+ Kg5 56. Qa5 gxf3 57. Bxf3 Qh3+ 58. Bg2 Qd3+ 59. Kg1 Qd4+ 60. Kf1 Qc4+ 61. Ke1 Qc1+ 62. Ke2 Qc8 0-1

[Event "Lvov Euro op 1st"]
[Site "Lvov"]
[Date "2012.05.29"]
[Round "2"]
[White "Khabinets, Ivan"]
[Black "Berlin, Dmitriy"]
[Result "1/2-1/2"]
[WhiteElo "2186"]
[BlackElo "1966"]
[PlyCount "78"]
[EventDate "2012.05.28"]
[EventType "swiss"]
[EventRounds "9"]
[EventCountry "UKR"]
[SourceTitle "CBM 148 Extra"]
[Source "ChessBase"]
[SourceDate "2012.06.22"]
[SourceVersion "1"]
[SourceVersionDate "2012.06.22"]
[SourceQuality "1"]

1. e4 d6 2. d4 Nf6 3. Nc3 g6 4. Bc4 Bg7 5. Qe2 0-0 6. Bg5 c6 7. 0-0-0 b5 8. Bb3 a5 9. e5 a4 10. exf6 exf6 11. Bxf7+ Rxf7 12. Bf4 Re7 13. Qf3 d5 14. g4 b4 15. Nb1 Re4 16. h3 Qf8 17. Ne2 Ba6 18. Be3 Nd7 19. Ng3 Ree8 20. h4 Nb6 21. h5 Nc4 22. hxg6 hxg6 23. Bf4 Bb7 24. Rdg1 b3 25. cxb3 axb3 26. axb3 Nd6 27. Bxd6 Qxd6 28. Nf5 gxf5 29. gxf5 Re7 30. Qg4 c5 31. Qh4 Kf8 32. Qg4 Ke8 33. Rh7 cxd4 34. Rxg7 Rxg7 35. Qxg7 Qf4+ 36. Kd1 Qf3+ 37. Ke1 Qe4+ 38. Kd2 Qf4+ 39. Kd1 Qf3+ 1/2-1/2